Physics for Life Science and Students (Record no. 33565)

MARC details
000 -LEADER
fixed length control field 00428nam a2200181Ia 4500
020 ## - INTERNATIONAL STANDARD BOOK NUMBER
ISBN 0-13-674150-9
050 ## - CALL MARK
Classification number QC23.B817/
100 ## - STATEMENT OF RESPONSIBILITY--MAIN AUTHOR NAME
Personal name Hans Breuer
245 #0 - TITLE STATEMENT
Title Physics for Life Science and Students
260 ## - PUBLICATION, DISTRIBUTION, ETC. (IMPRINT)
Place of publication London
260 ## - PUBLICATION, DISTRIBUTION, ETC. (IMPRINT)
Name of publisher Prentice Hall Int'national
260 ## - PUBLICATION, DISTRIBUTION, ETC. (IMPRINT)
Year of publication 1975
300 ## - PHYSICAL DESCRIPTION
Number of Pages 453 p
650 ## - SUBJECT ADDED ENTRY--TOPICAL TERM
Topical Term Physics
942 ## - ADDED ENTRY ELEMENTS (KOHA)
Koha item type Books
Holdings
Withdrawn status Lost status Source of classification or shelving scheme Damaged status Not for loan Permanent Location Current Location Date acquired Accession Number Price effective from Koha item type
    Library of Congress Classification     NILE UNIVERSITY OF NIGERIA - MAIN LIBRARY NILE UNIVERSITY OF NIGERIA - MAIN LIBRARY 04/23/2025 0008163 04/23/2025 Books